Ellicott's commentary on the whole Bible : (Record no. 3380)
[ view plain ]
| 000 -LEADER | |
|---|---|
| fixed length control field | 00723nam a2200157 4500 |
| 008 - FIXED-LENGTH DATA ELEMENTS--GENERAL INFORMATION | |
| fixed length control field | 010822s1959 us engYA |
| 020 ## - INTERNATIONAL STANDARD BOOK NUMBER | |
| International Standard Book Number | 0310438780 |
| 090 ## - LOCALLY ASSIGNED LC-TYPE CALL NUMBER (OCLC); LOCAL CALL NUMBER (OCLC) | |
| Classification number (OCLC) (R) ; Classification number, CALL (RLIN) (NR) | BS491.2 |
| Local cutter number (OCLC) ; Book number/undivided call number, CALL (RLIN) | El5 |
| 100 1# - MAIN ENTRY--PERSONAL NAME | |
| Personal name | Ellicott, Charles John |
| 245 10 - TITLE STATEMENT | |
| Title | Ellicott's commentary on the whole Bible : |
| Remainder of title | a verse-by-verse explanation / |
| Statement of responsibility, etc | Charles John Ellicott, editor. |
| 260 ## - PUBLICATION, DISTRIBUTION, ETC. (IMPRINT) | |
| Place of publication, distribution, etc | Michigan : |
| Name of publisher, distributor, etc | Zondervan, |
| Date of publication, distribution, etc | c1959. |
| 300 ## - PHYSICAL DESCRIPTION | |
| Extent | 4 volumes |
| 505 0# - FORMATTED CONTENTS NOTE | |
| Formatted contents note | vol. 1: Genesis-Numbers; vol. 2: Deuteronomy-II Samuel; vol. 3: I Kings-Esther; vol. 4: Job-Isaiah; vol. 5: Jeremiah-Malachi; vol. 5: Four Gospels, vol. 7: Acts-Galatians; vol. 8: Ephesians-Revelation. |
| 650 #4 - SUBJECT ADDED ENTRY--TOPICAL TERM | |
| Topical term or geographic name as entry element | Bible |
| General subdivision | Commentaries. |
| 951 ## - EQUIVALENCE OR CROSS-REFERENCE-GEOGRAPHIC NAME/AREA NAME [OBSOLETE] [CAN/MARC only] | |
| -- | 6519 |
| -- | BS491.2/El5-II |
| -- | 070613110951171 |
| -- | 2000-12-21 |
| -- | REF |
| Withdrawn status | Lost status | Damaged status | Not for loan | Home library | Current library | Shelving location | Date acquired | Accession number | Shelving control number | Total Checkouts | Full call number | Date last seen | Price effective from | Koha item type |
|---|---|---|---|---|---|---|---|---|---|---|---|---|---|---|
| BSOP Library | BSOP Library | Reference | 12/21/2000 | 6519 | 127 | BS491.2/El5-II | 02/23/2013 | 02/23/2013 | Books |
